000 00625nam a22002417a 4500
003 UA-OsUOA
001 28747
007 ta
008 20050428b un ||||| |||| 00| 0 ukr d
090 _a81'373
_bЗ-90
942 _cBK
040 _aUA-OsUOA
_bukr
_cUA-OsUOA
_dUA-OsUOA
245 _aЗрозумій мене
_bТлумачний словник української мови: Близько 7,5 тис.
300 _a295 с.
955 _a0
041 _aukr
080 _a81'373
020 _a966-507-144-0
260 _aК.
_bДовіра
_c2003
044 _aUA
650 7 _2UDC
999 _c315119
_d315119